Τα άστρα τρεμοπαίζουν : και άλλες ερωτήσεις για το διάστημα
Αποθηκεύτηκε σε:
| Κύριος συγγραφέας: | |
|---|---|
| Άλλοι συγγραφείς: | |
| Μορφή: | Βιβλίο |
| Γλώσσα: | Greek |
| Δημοσίευση: |
Θεσσαλονίκη :
Σίρρις,
1995
|
| Σειρά: | Θέλω να ξέρω γιατί
|
| Θέματα: | |
| Ετικέτες: |
Προσθήκη ετικέτας
Δεν υπάρχουν, Καταχωρήστε ετικέτα πρώτοι!
|
MARC
| LEADER | 00000nam a2200000 i 4500 | ||
|---|---|---|---|
| 001 | 1/76074 | ||
| 008 | 980708s1995 gre d | ||
| 035 | |l 10032301 | ||
| 040 | |a GR-MY-UA |b gre |e aacr | ||
| 041 | 0 | |a gre | |
| 082 | 0 | |a 523.8 | |
| 100 | 1 | |a Stott, Carol J. | |
| 245 | 1 | 3 | |a Τα άστρα τρεμοπαίζουν : |b και άλλες ερωτήσεις για το διάστημα / |c Κάρολ Στοτ ; μετάφραση Ι. Φ. Βλαχόπουλος |
| 260 | |a Θεσσαλονίκη : |b Σίρρις, |c 1995 | ||
| 300 | |a 32 σ. | ||
| 490 | 1 | |a Θέλω να ξέρω γιατί | |
| 650 | 0 | 0 | |a Stars |x Juvenile literature. |
| 650 | 0 | 0 | |a Astronomy |x Juvenile literature. |
| 700 | 1 | |a Βλαχόπουλος, Ι. Φ. |4 trl | |
| 830 | 0 | |a Θέλω να ξέρω γιατί | |
| 852 | |a INST |b RHODES |e 19980708 |h 523.8 STO |p 005400006167 |q 005400006167 |t BK |y 0 | ||
| 901 | |a BIBL-1998-2 | ||
| 909 | |a Ρ |b 054160 |c 1998 | ||
| 922 | |a 4ΕΛΗ |b 199802 |c ΚΠΣ/ΔΕ |d EMVASIS | ||
| 970 | |z 2000/06/ΚΑΤΕΡΙΝΑ | ||